ARRUPE JESUIT UNIVERSITY

CORONAVIRUS -STOP THE SPREAD - CLEAN,DISINFECT,COVER

Written that you may believe : (Record no. 121223)

MARC details
000 -LEADER
fixed length control field 01349cam a22003254a 4500
001 - CONTROL NUMBER
control field 13232748
003 - CONTROL NUMBER IDENTIFIER
control field ARRUPE
005 - DATE AND TIME OF LATEST TRANSACTION
control field 20141112113450.0
008 - FIXED-LENGTH DATA ELEMENTS--GENERAL INFORMATION
fixed length control field 030610s2003 nyu b 001 0 eng
010 ## - LIBRARY OF CONGRESS CONTROL NUMBER
LC control number 2003012925
020 ## - INTERNATIONAL STANDARD BOOK NUMBER
International Standard Book Number 0824519264
040 ## - CATALOGING SOURCE
Original cataloging agency DLC
Transcribing agency DLC
Modifying agency DLC
042 ## - AUTHENTICATION CODE
Authentication code pcc
050 00 - LIBRARY OF CONGRESS CALL NUMBER
Classification number BS2615.52
Item number .S36 2003
082 00 - DEWEY DECIMAL CLASSIFICATION NUMBER
Classification number 226.5/06
Edition number 21
300 ## - PHYSICAL DESCRIPTION
Dimensions 23 cm.
100 1# - MAIN ENTRY--PERSONAL NAME
Personal name Schneiders, Sandra Marie.
9 (RLIN) 12559
245 10 - TITLE STATEMENT
Title Written that you may believe :
Remainder of title encountering Jesus in the Fourth Gospel /
Statement of responsibility, etc Sandra M. Schneiders ; with a study guide by John C. Wronski.
250 ## - EDITION STATEMENT
Edition statement Rev. and expanded ed.
260 ## - PUBLICATION, DISTRIBUTION, ETC. (IMPRINT)
Place of publication, distribution, etc New York :
Name of publisher, distributor, etc Crossroad Pub.,
Date of publication, distribution, etc c2003.
300 ## - PHYSICAL DESCRIPTION
Extent xiii, 311 p. ;
500 ## - GENERAL NOTE
General note "Herder & Herder book".
504 ## - BIBLIOGRAPHY, ETC. NOTE
Bibliography, etc Includes bibliographical references (p. 255-267) and indexes.
630 00 - SUBJECT ADDED ENTRY--UNIFORM TITLE
Uniform title Bible.
Name of part/section of a work John
General subdivision Criticism, interpretation, etc.
9 (RLIN) 12560
630 00 - SUBJECT ADDED ENTRY--UNIFORM TITLE
Uniform title Bible.
Name of part/section of a work John
General subdivision Feminist criticism.
9 (RLIN) 12561
856 41 - ELECTRONIC LOCATION AND ACCESS
Materials specified Table of contents
Uniform Resource Identifier <a href="http://www.loc.gov/catdir/toc/ecip045/2003012925.html">http://www.loc.gov/catdir/toc/ecip045/2003012925.html</a>
856 42 - ELECTRONIC LOCATION AND ACCESS
Materials specified Publisher description
Uniform Resource Identifier <a href="http://www.loc.gov/catdir/enhancements/fy0834/2003012925-d.html">http://www.loc.gov/catdir/enhancements/fy0834/2003012925-d.html</a>
906 ## - LOCAL DATA ELEMENT F, LDF (RLIN)
a 7
b cbc
c orignew
d 1
e ecip
f 20
g y-gencatlg
942 ## - ADDED ENTRY ELEMENTS (KOHA)
Source of classification or shelving scheme Library of Congress Classification
Koha item type Monograph ( Printed materials)
Holdings
Withdrawn status Lost status Source of classification or shelving scheme Damaged status Not for loan Collection code Home library Current library Shelving location Date acquired Total Checkouts Full call number Barcode Date last seen Price effective from Koha item type
    Library of Congress Classification     Main Collection ARRUPE LIBRARY ARRUPE LIBRARY Main Collection 12/11/2014   BS2615.52 .S36 2003 46500003652 12/11/2014 12/11/2014 Monograph ( Printed materials)

 

Arrupe Library. PO Box MP320 Mt Pleasant, Harare, Zimbabwe
263 242 745411|librarian@aju.ac.zw